Visualizzazione normale
Vista MARC
- Jackson Milt
di Personal Name
Records bibliografici associati: 1
001 - CONTROL NUMBER
- control field: 30787
003 - CONTROL NUMBER IDENTIFIER
- control field: IT-RoPau
005 - DATE AND TIME OF LATEST TRANSACTION
- control field: 20140620092224.0
008 - FIXED-LENGTH DATA ELEMENTS
- fixed length control field: 140620|| aca||aabn | a|a d
040 ## - CATALOGING SOURCE
- Original cataloging agency: IT-RoPau
- Transcribing agency: IT-RoPau
100 ## - HEADING--PERSONAL NAME
- Personal name: Jackson Milt
- Dates associated with a name: Codice autore musica SPICS: 44125
- Relator term: Autore musica
- Name of part/section of a work: Slits - Stairway To the Stars - S.K.J. - Echoes
670 ## - SOURCE DATA FOUND
- Source citation: Work cat.: (IT-RoPau)99336: AA.VV. 794, Milt Jackson